000 01618cam a22002054a 4500
005 20250605164204.0
008 250528s ||||||||||||||||||||||||d
035 _a19873
020 _a9607344855
040 _aGR-AtMCL
_bgre
_dGR-AtMCL
_eAACR2
245 1 _aΕπεξεργασία Κειμένου με WORD 2000 / Δακτυλογραφία
260 _bΣύγχρονη Εκδοτική,
_c1999
300 _a496
520 _aΒασικές Λειτουργίες του WORD 2000, Τα Εργαλεία για τη Σύνταξη των Εγγράφων, Χειρισμός Κειμένου και Πλοήγηση Μέσα στο Έγγραφο, Απεικονίσεις του Εγγράφου, Διαχείριση Εγγράφων, Αναζητήσεις και Αντικαταστάσεις Στοιχείων, Αυτόματες Διορθώσεις και Μορφοποιήσεις του Εγγράφου, Διαμόρφωση Κειμένου, Διαμόρφωση Παραγράφων, Εξειδικευμένα Θέματα, Πίνακες, Ευρετήρια και Πίνακες Περιεχομένων, Πολύστηλα Έγγραφα, Μαζική Αλληλογραφία, Μαθήματα Δακτυλογραφίας, Η Σωστή Πληκτρολόγηση, Εξάσκηση για Μεγάλες Επιδόσεις, Αγγλική Δακτυλογραφία, Ευρετήριο, Βιβλιογραφία.
700 1 _aΓκίκας Στέφανος
_96025
700 1 _aΜαυρομανωλάκης Μιχάλης
_92789
942 _cBK
999 _c5116
_d5116